000 00420cam a2200145ua 4500
041 _aeng
_h
082 _a362.1
_bPAU/HE
100 _aPaul, Benjamin.D .
245 _aHealth, culture and community case studies of public reactions of health programs /
_cD.Benjamin Paul.
_hTextual Documents
260 _a :
_bRussell sage foundation ,
_c1955.
300 _a493 ; .
504 _a
942 _cBK
999 _c2094
_d2094